| 000 | 00437nam a2200193Ia 4500 | ||
|---|---|---|---|
| 005 | 20240607041839.0 | ||
| 008 | 240331s9999 xx 000 0 und d | ||
| 020 | _a8186562605 | ||
| 082 |
_bJAW _a362 |
||
| 100 | _aJawa, R | ||
| 245 | 0 | _aGirl child labour | |
| 250 | _a1 st | ||
| 260 |
_aNew Delhi _bMANAK Publications _c2000 |
||
| 300 | _axiii,195 p., | ||
| 650 | _aChildren | ||
| 650 | _aGirls | ||
| 650 | _aLabour | ||
| 942 | _cL | ||
| 999 |
_c2874 _d2874 |
||